|
|
|
|
| LEADER |
00000nam0a2200000 4500 |
| 001 |
127684 |
| 005 |
20231101220053.0 |
| 035 |
|
|
|a (RuTPU)RU\TPU\book\138129
|
| 090 |
|
|
|a 127684
|
| 100 |
|
|
|a 20071219d1977 m y0rusy50 ca
|
| 101 |
1 |
|
|a rus
|c ice
|
| 102 |
|
|
|a RU
|
| 105 |
|
|
|a y z 000zy
|
| 200 |
1 |
|
|a Атомная база. Брехкукотская летопись. Возвращенный рай
|e романы
|e пер. с исланд.
|f Х. Лакснесс
|g сост. С. Неделяева-Степонавичене
|
| 210 |
|
|
|a Москва
|c Прогресс
|d 1977
|
| 215 |
|
|
|a 559 с.
|
| 225 |
1 |
|
|a Мастера современной прозы
|e Исландия
|
| 606 |
1 |
|
|a Скандинавские страны
|x Литература
|2 stltpush
|3 (RuTPU)RU\TPU\subj\55010
|9 73082
|
| 610 |
1 |
|
|a исландская литература
|
| 610 |
1 |
|
|a романы
|
| 675 |
|
|
|a 839.5/8
|v 3
|
| 700 |
|
1 |
|a Лакснесс
|b Х.
|g Халлдор
|
| 702 |
|
1 |
|a Неделяева-Степонавичене
|b С.
|4 220
|
| 801 |
|
1 |
|a RU
|b 63413507
|c 20071219
|g PSBO
|
| 801 |
|
2 |
|a RU
|b 63413507
|c 20210421
|g RCR
|
| 942 |
|
|
|c BK
|